Η ιστορία του ελληνικού γάλακτος και των προϊόντων του : Ι' τριήμερο εργασίας ; Ξάνθη, 7-9 Οκτωβρίου 2005
Αποθηκεύτηκε σε:
| Συλλογικό Έργο: | , , |
|---|---|
| Μορφή: | Βιβλίο |
| Γλώσσα: | Greek |
| Δημοσίευση: |
[Αθήνα] :
Πολιτιστικό Ίδρυμα Ομίλου Πειραιώς,
2008.
|
| Θέματα: | |
| Ετικέτες: |
Προσθήκη ετικέτας
Δεν υπάρχουν, Καταχωρήστε ετικέτα πρώτοι!
|
MARC
| LEADER | 00000cam a2200000 i 4500 | ||
|---|---|---|---|
| 001 | 1/104811 | ||
| 008 | 090507s2008 gr | ||| |||| ||gre|| | ||
| 020 | |a 9789602441107 | ||
| 035 | |l 10104565 | ||
| 040 | |a GR-MyUa |b gre |e AACR2 | ||
| 041 | 1 | |a gre |b eng | |
| 082 | 7 | |a 641.371 |2 (22) | |
| 110 | 2 | |a Πολιτιστικό Ίδρυμα Ομίλου Πειραιώς. |b Τριήμερο Εργασίας |n (10ο : |d 2005 : |c Ξάνθη) | |
| 245 | 0 | 2 | |a Η ιστορία του ελληνικού γάλακτος και των προϊόντων του : |b Ι' τριήμερο εργασίας ; Ξάνθη, 7-9 Οκτωβρίου 2005 / |c Πολιτιστικό Ίδρυμα Ομίλου Πειραιώς ; Ίδρυμα Αριστείδης Δασκαλόπουλος. |
| 260 | |a [Αθήνα] : |b Πολιτιστικό Ίδρυμα Ομίλου Πειραιώς, |c 2008. | ||
| 300 | |a 593 σ. : |b εικ., πίν., σχέδ. ; |c 24 εκ. | ||
| 500 | |a Περιέχει περιλήψεις στα αγγλικά. | ||
| 504 | |a Περιέχει βιβλιογραφικές παραπομπές. | ||
| 650 | 0 | |a Milk |z Greece |x Histroy |x Congresses. | |
| 650 | 0 | |a Dairy products |z Greece |x History |x Congresses. | |
| 650 | 0 | |a Dairy products industry |z Greece |x History |x Congresses. | |
| 650 | 0 | |a Milk trade |z Greece |x History |x Congresses. | |
| 710 | 2 | |a Πολιτιστικό Ίδρυμα Ομίλου Πειραιώς. | |
| 710 | 2 | |a Ίδρυμα Αριστείδης Δασκαλόπουλος. | |
| 852 | |a INST |b LESVOS |e 20090507 |h 641.371 ΙΣΤ |p 005100044992 |q 005100044992 |t BK |y 0 | ||
| 901 | |a BIBL1-2009-2 | ||
| 970 | |a ΚΑΡΑ |b ΓΙΑΣΕΜΗ |z 2009/05/07 | ||